Romantic nationalism in India : (Record no. 1308936)
[ view plain ]
| 000 -LEADER | |
|---|---|
| fixed length control field | 01677nam a22002657a 4500 |
| 005 - DATE AND TIME OF LATEST TRANSACTION | |
| control field | 20250530154007.0 |
| 008 - FIXED-LENGTH DATA ELEMENTS--GENERAL INFORMATION | |
| fixed length control field | 250414b |||||||| |||| 00| 0 eng d |
| 020 ## - INTERNATIONAL STANDARD BOOK NUMBER | |
| International Standard Book Number | 9789004694798 |
| 040 ## - CATALOGING SOURCE | |
| Transcribing agency | SDCL |
| 041 ## - LANGUAGE CODE | |
| Source of code | eng |
| Language code of text/sound track or separate title | eng |
| 084 ## - COLON CLASSIFICATION NUMBER | |
| Classification number | V2:3(S:55) R4 |
| 100 ## - MAIN ENTRY--PERSONAL NAME | |
| Personal name | Linden, Bob Van Der |
| 9 (RLIN) | 616492 |
| 245 ## - TITLE STATEMENT | |
| Title | Romantic nationalism in India : |
| Remainder of title | Cultivation of Culture and the global circulation of ideas |
| 260 ## - PUBLICATION, DISTRIBUTION, ETC. | |
| Place of publication, distribution, etc. | Leiden : |
| Name of publisher, distributor, etc. | Brill, |
| Date of publication, distribution, etc. | 2024. |
| 300 ## - PHYSICAL DESCRIPTION | |
| Extent | xviii, 191p. |
| 490 ## - SERIES STATEMENT | |
| Series statement | National cultivation of culture (Volume 31) |
| 520 ## - SUMMARY, ETC. | |
| Summary, etc. | Through the concept of ‘Romantic nationalism’, this interdisciplinary global historical study investigates cultural initiatives in (British) India that aimed at establishing the nation as a moral community and which preceded or accompanied state-oriented political nationalism. Drawing on a vast array of sources, it discusses important Romantic nationalist traits, such as the relationship between language and identity, historicism, artistic revivalism and hero worship. Ultimately, this innovative book argues that because of the confrontation with European civilization and processes of modernization at large, cultivation of culture in British India was morally and spiritually more important to the making of the nation than in Europe. |
| 650 ## - SUBJECT ADDED ENTRY--TOPICAL TERM | |
| Topical term or geographic name entry element | Nationalism -- India -- History -- Civilization -- European influences |
| 9 (RLIN) | 811249 |
| 650 ## - SUBJECT ADDED ENTRY--TOPICAL TERM | |
| Topical term or geographic name entry element | Romanticism -- India |
| 9 (RLIN) | 811250 |
| 650 ## - SUBJECT ADDED ENTRY--TOPICAL TERM | |
| Topical term or geographic name entry element | India -- Civilization -- European influences -- History -- British occupation |
| 9 (RLIN) | 811251 |
| 650 ## - SUBJECT ADDED ENTRY--TOPICAL TERM | |
| Topical term or geographic name entry element | Nationalism -- History -- India |
| 9 (RLIN) | 811144 |
| 650 ## - SUBJECT ADDED ENTRY--TOPICAL TERM | |
| Topical term or geographic name entry element | 1765-1947 |
| 9 (RLIN) | 811252 |
| 942 ## - ADDED ENTRY ELEMENTS (KOHA) | |
| Source of classification or shelving scheme | Colon Classification (CC) |
| Koha item type | Textual |
| Suppress in OPAC | No |
| Withdrawn status | Lost status | Source of classification or shelving scheme | Damaged status | Not for loan | Home library | Current library | Date acquired | Source of acquisition | Inventory number | Total Checkouts | Full call number | Barcode | Date last seen | Price effective from | Koha item type |
|---|---|---|---|---|---|---|---|---|---|---|---|---|---|---|---|
| Colon Classification (CC) | South Campus Library | South Campus Library | 2025-04-14 | Excel Media | 6393, 26/11/2024, EURO 99.00 | V2:3(S:55) R4 | SC1690572 | 2025-04-14 | 2025-04-14 | Textual |
